000 00825nam a22002417a 4500
005 20250428111709.0
008 250428b |||||||| |||| 00| 0 eng d
020 _a978-81-977294-5-4 (hbk)
037 _cTB
040 _aCRL
_cCRL
041 _2eng
_aeng
084 _aW.2'C R5
_qCRL
100 _aSharma, Sanjeev Kumar
_9753093
245 _aAncient Indian politics and rajadharma
260 _aNew Delhi, India:
_bResearch India Press,
_c2025.
300 _avii, 226p.
365 _b1550.00
_cINR
650 _2Political Science
700 _aChanchal
_eAuthor
_9537661
700 _aNain, Ansuiya
_eAuthor
_9753094
942 _2CC
_cTB
_hW.2'C R5
_n0
999 _c1309427
_d1309427